[Event "Frankfurt-ch"]
[Site "Frankfurt"]
[Date "2009.06.29"]
[Round "7"]
[White "Wilhelm, Andreas"]
[Black "Ickert, Bernd"]
[Result "1/2-1/2"]
[WhiteElo "2024"]
[BlackElo "1732"]
[PlyCount "71"]
[EventDate "2009.04.27"]
[EventType "tourn"]
[EventRounds "7"]
[EventCountry "GER"]
[SourceTitle "EXT 2010"]
[Source "ChessBase"]
[SourceDate "2010.11.25"]
[SourceVersion "1"]
[SourceVersionDate "2010.11.25"]
[SourceQuality "1"]

1. e4 e6 2. d4 d5 3. exd5 exd5 4. Bd3 Bd6 5. Nf3 Bg4 6. 0-0 Ne7 7. Be3 Nbc6 8. c3 Qd7 9. Nbd2 Nf5 10. Re1 0-0-0 11. Qc2 Kb8 12. b4 Nxe3 13. Rxe3 Ne7 14. Ne5 Bxe5 15. Rxe5 f6 16. Ree1 Rde8 17. a4 Bf5 18. a5 Bxd3 19. Qxd3 a6 20. Nb3 Qb5 21. Qxb5 axb5 22. Re6 Nf5 23. Rae1 Nd6 24. f3 Rxe6 25. Rxe6 Re8 26. Nc5 Rxe6 27. Nxe6 Ne8 28. Kf2 Ka7 29. Ke3 b6 30. axb6+ Kxb6 31. g4 Kc6 32. h4 Kd6 33. Nf4 g6 34. Ne2 Ke6 35. Nf4+ Kd6 36. Ne2 1/2-1/2

[Event "Frankfurt-ch"]
[Site "Frankfurt"]
[Date "2009.06.22"]
[Round "6"]
[White "Cors, Heinz Friedrich"]
[Black "Ickert, Bernd"]
[Result "1-0"]
[WhiteElo "1984"]
[BlackElo "1732"]
[PlyCount "57"]
[EventDate "2009.04.27"]
[EventType "tourn"]
[EventRounds "7"]
[EventCountry "GER"]
[SourceTitle "EXT 2010"]
[Source "ChessBase"]
[SourceDate "2010.11.25"]
[SourceVersion "1"]
[SourceVersionDate "2010.11.25"]
[SourceQuality "1"]

1. e4 e6 2. d4 d5 3. Nd2 Nf6 4. e5 Nfd7 5. Bd3 c5 6. c3 Nc6 7. Ne2 cxd4 8. cxd4 f6 9. exf6 Nxf6 10. Nf3 Bd6 11. 0-0 Qc7 12. g3 0-0 13. Bf4 e5 14. dxe5 Nxe5 15. Nxe5 Bxe5 16. Rc1 Qd6 17. Bxe5 Qxe5 18. Nf4 Bg4 19. f3 Bd7 20. Rf2 Rac8 21. Rxc8 Rxc8 22. Re2 Qd6 23. Kg2 Re8 24. Rxe8+ Bxe8 25. Bc4 Bc6 26. Qd4 Qd7 27. Bb3 b6 28. g4 Nxg4 29. Nxd5 1-0

[Event "Frankfurt-ch"]
[Site "Frankfurt"]
[Date "2009.05.11"]
[Round "3"]
[White "Ickert, Bernd"]
[Black "Schoene, Matthias"]
[Result "0-1"]
[WhiteElo "1732"]
[BlackElo "2035"]
[PlyCount "72"]
[EventDate "2009.04.27"]
[EventType "tourn"]
[EventRounds "7"]
[EventCountry "GER"]
[SourceTitle "EXT 2010"]
[Source "ChessBase"]
[SourceDate "2010.11.25"]
[SourceVersion "1"]
[SourceVersionDate "2010.11.25"]
[SourceQuality "1"]

1. e4 e6 2. d4 d5 3. exd5 exd5 4. Bd3 c5 5. c3 Nc6 6. Nf3 c4 7. Be2 Nf6 8. Bg5 h6 9. Bh4 Bf5 10. Nbd2 Be7 11. 0-0 0-0 12. Re1 Re8 13. Ne5 Qb6 14. b3 Nxe5 15. dxe5 Ne4 16. Nxe4 Bxh4 17. Ng3 cxb3 18. axb3 Bxg3 19. hxg3 Rxe5 20. Qd4 Rae8 21. Qxb6 axb6 22. Kf1 Be4 23. f3 Bc2 24. b4 Rxe2 25. Rxe2 Bd3 26. Rae1 Rc8 27. Kf2 Bxe2 28. Rxe2 Kf8 29. Re3 d4 30. cxd4 Rc4 31. Rd3 Rxb4 32. Ke3 Ke7 33. g4 b5 34. Rc3 Rc4 35. Kd3 Rxc3+ 36. Kxc3 Kd6 0-1

[Event "Frankfurt-ch"]
[Site "Frankfurt"]
[Date "2005.05.30"]
[Round "5"]
[White "Ickert, Bernd"]
[Black "Bitzer, Andre"]
[Result "0-1"]
[WhiteElo "1755"]
[BlackElo "1624"]
[PlyCount "44"]
[EventDate "2005.04.25"]
[EventType "swiss"]
[EventRounds "7"]
[EventCountry "GER"]
[SourceTitle "EXT 2006"]
[Source "ChessBase"]
[SourceDate "2005.11.24"]
[SourceVersion "1"]
[SourceVersionDate "2005.11.24"]
[SourceQuality "1"]

1. e4 c6 2. d4 d5 3. Nc3 dxe4 4. Nxe4 Nf6 5. Nxf6+ gxf6 6. Bf4 Bf5 7. Bc4 e6 8. Nf3 Bd6 9. Bxd6 Qxd6 10. c3 Nd7 11. Qe2 0-0-0 12. Nh4 Rde8 13. Qh5 Bg6 14. Qa5 Kb8 15. 0-0 Reg8 16. b4 Qf4 17. Nxg6 Rxg6 18. g3 h5 19. Be2 h4 20. g4 Rxg4+ 21. Bxg4 Qxg4+ 22. Kh1 Qf3+ 0-1